Writing thesis and project development; វិធីសាស្ត្រសរសេសារណាបទ និងអភិវឌ្ឍន៏គំរោងសរសេរ (Record no. 10162)
[ view plain ]
| 000 -LEADER | |
|---|---|
| fixed length control field | 00403nam a22001217a 4500 |
| 040 ## - CATALOGING SOURCE | |
| Transcribing agency | SK |
| 082 ## - DEWEY DECIMAL CLASSIFICATION NUMBER | |
| Classification number | 147 |
| 100 ## - MAIN ENTRY--AUTHOR NAME | |
| Personal name | វន មុនិន្ទ |
| 245 ## - TITLE STATEMENT | |
| Title | Writing thesis and project development; វិធីសាស្ត្រសរសេសារណាបទ និងអភិវឌ្ឍន៏គំរោងសរសេរ |
| 260 ## - PUBLICATION, DISTRIBUTION, ETC. (IMPRINT) | |
| Place of publication | RUA |
| Name of publisher | វន |
| Year of publication | 2008 |
| 300 ## - PHYSICAL DESCRIPTION | |
| Number of Pages | 48p. |
| 942 ## - ADDED ENTRY ELEMENTS (KOHA) | |
| Koha item type | សៀវភៅភាសាខ្មែរ |
| 952 ## - LOCATION AND ITEM INFORMATION (KOHA) | |
| Withdrawn status [LOCAL, KOHA] | 0 |
| 952 ## - LOCATION AND ITEM INFORMATION (KOHA) | |
| Withdrawn status [LOCAL, KOHA] | 0 |
| Permanent Location | Date acquired | Koha item type | Lost status | Shelving location | Barcode | Current Location | Full call number |
|---|---|---|---|---|---|---|---|
| Library Block C | 2016-09-21 | សៀវភៅភាសាខ្មែរ | C016 | A00188 | Library Block C | 147 វន 2008 C016 Or | |
| Library Block C | 2016-09-21 | សៀវភៅភាសាខ្មែរ | C016 | RUA056448 | Library Block C | 147 វន 2008 C016 Or |